|
|
|
|
| LEADER |
00000nam0a2200000 4500 |
| 001 |
317872 |
| 005 |
20231102003023.0 |
| 010 |
|
|
|a 9785970602188
|
| 035 |
|
|
|a (RuTPU)RU\TPU\book\343340
|
| 090 |
|
|
|a 317872
|
| 100 |
|
|
|a 20160414d2016 m y0rusy50 ca
|
| 101 |
1 |
|
|a rus
|c eng
|
| 102 |
|
|
|a RU
|
| 105 |
|
|
|a a j 001zy
|
| 200 |
1 |
|
|a Промышленная электроника
|e [учебник]
|f Дж. А. Рег, Г. Дж. Сартори
|
| 210 |
|
|
|a Москва
|c ДМК Пресс
|d 2016
|
| 215 |
|
|
|a 1136 с.
|c ил.
|
| 300 |
|
|
|a На тит. листе один автор : Дж. Рег.
|
| 320 |
|
|
|a Глоссарий: с. 1123-1136
|
| 330 |
|
|
|a Предметом промышленной электроники является электроника, используемая при выполнении технологических процессов, необходимых для производства различных видов товаров и услуг. В этой книге рассмотрены многие элементы электронных систем, причем акцент сделан на том, как эти элементы вписываются в промышленное применение. Учебник выстроен в соответствии с традиционными курсами промышленной электроники, существующими в технических университетах. В нем рассматриваются двигатели постоянного и переменного токов, вопросы дискретного и аналогового управления производственным процессом, ключи и датчики, а также системы управления и автоматизации производства. Кроме того, разделы, посвященные механотронике, в равной степени полезны и для изучающих курс механики, поскольку знакомят с концепциями электромеханики, использующимися в промышленных машинах и автоматике. Издание предназначено студентам старших курсов радио- и электротехнических специальностей вузов, обучающихся по специальности "Промышленная электроника", инженерам, а также будет полезно всем читателям, интересующимся современной электроникой.
|
| 606 |
1 |
|
|a Промышленная электроника
|2 stltpush
|3 (RuTPU)RU\TPU\subj\52250
|9 70736
|
| 610 |
1 |
|
|a дискретные входные устройства
|
| 610 |
1 |
|
|a дискретные выходные устройства
|
| 610 |
1 |
|
|a твердотельные устройства
|
| 610 |
1 |
|
|a операционные усилители
|
| 610 |
1 |
|
|a линейные интегральные схемы
|
| 610 |
1 |
|
|a тиристоры
|
| 610 |
1 |
|
|a дискретная автоматика
|
| 610 |
1 |
|
|a датчики
|
| 610 |
1 |
|
|a устройства
|
| 610 |
1 |
|
|a аналоговые процессы
|
| 610 |
1 |
|
|a управление
|
| 610 |
1 |
|
|a исполнительные устройства
|
| 610 |
1 |
|
|a безопасность
|
| 610 |
1 |
|
|a двигатели постоянного тока
|
| 610 |
1 |
|
|a двигатели переменного тока
|
| 610 |
1 |
|
|a приводы
|
| 610 |
1 |
|
|a программируемые логические контроллеры
|
| 610 |
1 |
|
|a встроенные микроконтроллеры
|
| 610 |
1 |
|
|a непрерывные процессы
|
| 610 |
1 |
|
|a промышленные роботы
|
| 610 |
1 |
|
|a программирование
|
| 610 |
1 |
|
|a интеллектуальные машины
|
| 610 |
1 |
|
|a обмен данными
|
| 610 |
1 |
|
|a данные
|
| 610 |
1 |
|
|a учебники
|
| 675 |
|
|
|a 621.38(075.8)
|v 4
|
| 700 |
|
1 |
|a Рег
|b Дж. А.
|g Джеймс А.
|
| 701 |
|
1 |
|a Сартори
|b Г. Дж.
|g Гленн Дж.
|
| 801 |
|
1 |
|a RU
|b 63413507
|c 20160414
|
| 801 |
|
2 |
|a RU
|b 63413507
|c 20160708
|g RCR
|
| 942 |
|
|
|c BK
|
| 959 |
|
|
|a 32/20160331
|d 1
|e 1200,00
|f ЧЗТЛ:1
|